Những lĩnh vực ứng dụng của việt ngữ học

Na minha lista:
Detalhes bibliográficos
Autor principal: Nguyễn, Thiện Giáp
Formato: Livro
Publicado em: Hà Nội Đại học Quốc gia Hà Nội 2008
Edição:In lần thứ 2
Assuntos:
Tags: Adicionar Tag
Sem tags, seja o primeiro a adicionar uma tag!
Thư viện lưu trữ: Trung tâm Học liệu Lê Vũ Hùng, Trường Đại học Đồng Tháp
LEADER 01021pam a22002898a 4500
001 00034982
005 20171026081025.0
008 161110s2008 ||||||Viesd
020 # # |c 45000 
041 0 # |a Vie 
082 1 4 |b NH556L  |a 495.922 
100 1 # |a Nguyễn, Thiện Giáp 
245 0 0 |a Những lĩnh vực ứng dụng của việt ngữ học  |c Nguyễn Thiện Giáp 
250 # # |a In lần thứ 2 
260 # # |a Hà Nội  |b Đại học Quốc gia Hà Nội  |c 2008 
300 # # |a 299tr.  |c 24 cm. 
500 # # |a ĐTTS:Đại học Quốc gia Hà Nội. Trường ĐH KHXH và NV 
653 # # |a Nghiên cứu 
653 # # |a Ngôn Ngữ 
653 # # |a Tiếng việt 
653 # # |a dịch thuật 
852 # # |b Kho mượn  |j KM.0019879, KM.0019880 
852 # # |b Kho đọc  |j KD.0018827 
852 # # |j KM.0019879  |j KM.0019880  |j KD.0018827 
910 0 # |d 10/11/2016 
980 # # |a Trung tâm Học liệu Lê Vũ Hùng, Trường Đại học Đồng Tháp